Normal view
MARC view
- Gupta,R.G.
Entry Personal Name
001 - CONTROL NUMBER
- control field: 6413
003 - CONTROL NUMBER IDENTIFIER
- control field: OSt
005 - DATE AND TIME OF LATEST TRANSACTION
- control field: 20180217134140.0
008 - FIXED-LENGTH DATA ELEMENTS
- fixed length control field: 180217|| aca||aabn | a|a d
040 ## - CATALOGING SOURCE
- Original cataloging agency: OSt
- Transcribing agency: OSt
100 ## - HEADING--PERSONAL NAME
- Personal name: Gupta,R.G.
670 ## - SOURCE DATA FOUND
- Source citation: Work cat.: (OSt): Gupta,R.G., Composite mathematics for Us-IV, 2013